[Event "Hajduszoboszlo op 2nd"]
[Site "Hajduszoboszlo"]
[Date "2024.02.11"]
[Round "6"]
[White "Wierzbicki, Dawid"]
[Black "Gathi, Donat"]
[Result "0-1"]
[WhiteElo "1884"]
[BlackElo "2220"]
[PlyCount "112"]
[EventDate "2024.02.08"]
[EventType "swiss"]
[EventRounds "7"]
[EventCountry "HUN"]
[SourceTitle "CB08_2024"]
[SourceDate "2024.02.21"]
[SourceVersion "1"]
[SourceVersionDate "2024.02.21"]
[SourceQuality "1"]

1. Nf3 d6 2. d4 Nd7 3. c4 e5 4. Nc3 g6 5. Bg5 f6 6. Bd2 Bg7 7. e4 Ne7 8. Be2 0-0 9. 0-0 h6 10. dxe5 fxe5 11. Ne1 Nc5 12. Nd3 Nxd3 13. Bxd3 g5 14. Qh5 Be6 15. Nd5 Bf7 16. Nxe7+ Qxe7 17. Qg4 Kh7 18. Rae1 Bg6 19. Re3 h5 20. Rh3 Bh6 21. Rxh5 Bxh5 22. Qxh5 Qf7 23. Qh3 Qg6 24. Be2 Kg7 25. Bh5 Qxe4 26. Qd7+ Kh8 27. Qxc7 Qf5 28. Qxd6 Rf6 29. Qe7 Bf8 30. Qxb7 Rd8 31. Ba5 Rd4 32. Bc3 Rf4 33. Qxa7 Rxf2 34. Bf3 Rxf1+ 35. Kxf1 g4 36. Qe3 gxf3 37. gxf3 Qh3+ 38. Ke1 Qh4+ 39. Kd1 Rd6+ 40. Kc2 Bg7 41. Bxe5 Qxc4+ 42. Bc3 Re6 43. Qc1 Re2+ 44. Kb1 Qd3+ 45. Ka1 Bxc3 46. Qxc3+ Qxc3 47. bxc3 Rxh2 48. a4 Kg7 49. a5 Kf6 50. a6 Rh5 51. Kb2 Ra5 52. Kb3 Ke5 53. Kb4 Rxa6 54. Kb5 Ra3 55. c4 Rxf3 56. c5 Kd5 0-1

[Event "Hajduszoboszlo op 2nd"]
[Site "Hajduszoboszlo"]
[Date "2024.02.10"]
[Round "5"]
[White "Tamas, Kornel"]
[Black "Wierzbicki, Dawid"]
[Result "0-1"]
[WhiteElo "2008"]
[BlackElo "1884"]
[PlyCount "54"]
[EventDate "2024.02.08"]
[EventType "swiss"]
[EventRounds "7"]
[EventCountry "HUN"]
[SourceTitle "CB08_2024"]
[SourceDate "2024.02.21"]
[SourceVersion "1"]
[SourceVersionDate "2024.02.21"]
[SourceQuality "1"]

1. e4 g6 2. d4 Bg7 3. c4 c5 4. Nf3 cxd4 5. Nxd4 Nc6 6. Nxc6 bxc6 7. Nc3 Nf6 8. Be2 0-0 9. 0-0 d6 10. Be3 Qa5 11. Qd2 Rd8 12. h3 Be6 13. Bh6 d5 14. Bxg7 Kxg7 15. e5 Ne8 16. cxd5 Rxd5 17. Qf4 Rxe5 18. Bf3 Rc8 19. Rfe1 Rxe1+ 20. Rxe1 Nf6 21. g4 h6 22. Qd4 Rd8 23. Qf4 Qb6 24. b3 Qa5 25. Rc1 Rd3 26. Na4 g5 27. Qg3 Bd5 0-1

[Event "Hajduszoboszlo op 2nd"]
[Site "Hajduszoboszlo"]
[Date "2024.02.09"]
[Round "3"]
[White "Bognar, Barna"]
[Black "Wierzbicki, Dawid"]
[Result "0-1"]
[WhiteElo "1473"]
[BlackElo "1884"]
[PlyCount "106"]
[EventDate "2024.02.08"]
[EventType "swiss"]
[EventRounds "7"]
[EventCountry "HUN"]
[SourceTitle "CB08_2024"]
[SourceDate "2024.02.21"]
[SourceVersion "1"]
[SourceVersionDate "2024.02.21"]
[SourceQuality "1"]

1. Nf3 g6 2. d4 Bg7 3. Bf4 d6 4. e3 Nd7 5. h3 Ngf6 6. c4 c5 7. Nc3 Qa5 8. Qd2 cxd4 9. exd4 0-0 10. Bd3 e5 11. dxe5 dxe5 12. Bh6 Bxh6 13. Qxh6 e4 14. Ng5 exd3 15. 0-0 Re8 16. Rfe1 Qd8 17. Nd5 d2 18. Re3 Rxe3 19. fxe3 Nf8 20. Rd1 Nxd5 21. Rxd2 Qe7 22. cxd5 Qxe3+ 23. Rf2 Qe1+ 24. Rf1 Qe3+ 25. Rf2 Bf5 26. Nxf7 Qxh6 27. Nxh6+ Kg7 28. Nxf5+ gxf5 29. Rxf5 Ng6 30. g3 Rd8 31. Kg2 Ne7 32. Rf3 Rxd5 33. Rb3 b6 34. Kf3 Kf6 35. g4 Rd2 36. h4 Nc6 37. Kg3 Nd4 38. Rb4 Rd3+ 39. Kf4 Ne6+ 40. Ke4 Nc5+ 41. Kf4 Rd2 42. g5+ Kg6 43. Kg4 Rg2+ 44. Kh3 Re2 45. Rb5 Re3+ 46. Kg4 Re4+ 47. Kg3 Kh5 48. g6 Kxg6 49. b4 Nd3 50. a3 Re3+ 51. Kg4 h5+ 52. Rxh5 Re4+ 53. Kf3 Rf4+ 0-1

[Event "POL-ch U16"]
[Site "Jastrzebia Gora"]
[Date "2023.??.??"]
[Round "3"]
[White "Wierzbicki, Dawid"]
[Black "Kazmierowski, Tymon"]
[Result "1/2-1/2"]
[WhiteElo "1766"]
[BlackElo "1998"]
[PlyCount "62"]
[EventDate "2023.03.11"]
[EventType "swiss"]
[EventRounds "9"]
[EventCountry "POL"]
[SourceTitle "CBM 213 Extra"]
[Source "ChessBase"]
[SourceDate "2023.05.31"]
[SourceVersion "1"]
[SourceVersionDate "2023.05.31"]
[SourceQuality "1"]

1. d4 Nf6 2. Nf3 e6 3. e3 d5 4. c4 c5 5. Nc3 Nc6 6. Be2 dxc4 7. Bxc4 a6 8. 0-0 b5 9. Bb3 Bb7 10. Bc2 Be7 11. dxc5 Bxc5 12. a3 0-0 13. b4 Bb6 14. Bb2 Qe7 15. Ne4 Nxe4 16. Bxe4 Rac8 17. Qb3 Rfd8 18. Rfd1 Ba7 19. h3 h6 20. Rac1 Na5 21. Rxd8+ Qxd8 22. Rxc8 Qxc8 23. Bxb7 Nxb7 24. Qd3 Qc7 25. Be5 Qe7 26. Qe4 f6 27. Bg3 Qd7 28. Nh4 Nd8 29. Ng6 Kf7 30. Nh8+ Kg8 31. Ng6 Kf7 1/2-1/2

[Event "POL-ch U16"]
[Site "Jastrzebia Gora"]
[Date "2023.??.??"]
[Round "1"]
[White "Wierzbicki, Dawid"]
[Black "Madej, Marek"]
[Result "0-1"]
[WhiteElo "1766"]
[BlackElo "2052"]
[PlyCount "68"]
[EventDate "2023.03.11"]
[EventType "swiss"]
[EventRounds "9"]
[EventCountry "POL"]
[SourceTitle "CBM 213 Extra"]
[Source "ChessBase"]
[SourceDate "2023.05.31"]
[SourceVersion "1"]
[SourceVersionDate "2023.05.31"]
[SourceQuality "1"]

1. d4 Nf6 2. Nf3 e6 3. e3 d5 4. Be2 c5 5. 0-0 Be7 6. b3 0-0 7. dxc5 Bxc5 8. Bb2 Nbd7 9. c4 b6 10. Nbd2 Bb7 11. Rc1 Rc8 12. Bd3 Qe7 13. Re1 Ba3 14. Qc2 dxc4 15. bxc4 Bxb2 16. Qxb2 Nc5 17. Bb1 Rfd8 18. Ne5 Nfd7 19. Nxd7 Rxd7 20. Nb3 Qg5 21. f4 Qh5 22. Nxc5 Qxc5 23. Qc2 f5 24. Kf2 Rcd8 25. Rcd1 Qc6 26. e4 Qc5+ 27. Kf1 Ba6 28. g3 Bxc4+ 29. Kg2 fxe4 30. h4 g6 31. Kh2 e3 32. Rxd7 Rxd7 33. Qe4 Rd2+ 34. Kh3 Qf5+ 0-1

[Event "POL-chT U18 1st"]
[Site "Poland"]
[Date "2022.07.01"]
[Round "7.3"]
[White "Wierzbicki, Dawid"]
[Black "Maj, Samuel"]
[Result "1/2-1/2"]
[WhiteElo "1556"]
[BlackElo "1935"]
[PlyCount "85"]
[EventDate "2022.06.25"]
[EventType "team-swiss"]
[EventRounds "9"]
[EventCountry "POL"]
[SourceTitle "EXT 2023"]
[Source "ChessBase"]
[SourceDate "2022.10.05"]
[SourceVersion "1"]
[SourceVersionDate "2022.10.05"]
[SourceQuality "1"]
[WhiteTeam "Rybnik"]
[BlackTeam "Myslenice MAT"]
[WhiteTeamCountry "POL"]
[BlackTeamCountry "POL"]

1. e4 c5 2. Nf3 e6 3. d3 Nc6 4. g3 Nf6 5. Bg2 d5 6. exd5 exd5 7. 0-0 Be7 8. d4 0-0 9. Be3 Bg4 10. h3 Bxf3 11. Bxf3 Qb6 12. dxc5 Bxc5 13. Bxc5 Qxc5 14. Nd2 Nd4 15. c3 Nxf3+ 16. Qxf3 Rfe8 17. Rfe1 Qb6 18. b4 Qc6 19. c4 Rac8 20. c5 Ne4 21. Nxe4 dxe4 22. Qf5 Re6 23. Rad1 Rce8 24. Qf4 g6 25. Rd4 Kg7 26. Qe3 Qc8 27. Red1 Re5 28. Kg2 Qf5 29. Rd7 R8e7 30. Rd8 Re8 31. R8d4 R8e6 32. a3 Qf6 33. Rd6 h5 34. Rxe6 Rxe6 35. Rd7 Re7 36. Rxe7 Qxe7 37. Qd4+ f6 38. b5 a6 39. a4 axb5 40. axb5 Qe8 41. Qc4 e3 42. Qe2 Qd7 43. fxe3 1/2-1/2

[Event "POL-chT U18 1st"]
[Site "Poland"]
[Date "2022.06.27"]
[Round "3.3"]
[White "Nagly, Wojciech"]
[Black "Wierzbicki, Dawid"]
[Result "0-1"]
[WhiteElo "1490"]
[BlackElo "1556"]
[PlyCount "106"]
[EventDate "2022.06.25"]
[EventType "team-swiss"]
[EventRounds "9"]
[EventCountry "POL"]
[SourceTitle "EXT 2023"]
[Source "ChessBase"]
[SourceDate "2022.10.05"]
[SourceVersion "1"]
[SourceVersionDate "2022.10.05"]
[SourceQuality "1"]
[WhiteTeam "Wroclaw Srodmiescie"]
[BlackTeam "Rybnik"]
[WhiteTeamCountry "POL"]
[BlackTeamCountry "POL"]

1. d4 b6 2. e4 Bb7 3. Nc3 d6 4. Nf3 Nf6 5. d5 g6 6. Bd3 Bg7 7. 0-0 0-0 8. h3 a6 9. Be3 c6 10. dxc6 Nxc6 11. Qe2 Nd7 12. Rfd1 Nce5 13. Nxe5 Nxe5 14. f4 Nd7 15. Qf2 Qc7 16. Nd5 Bxd5 17. exd5 Bxb2 18. Rab1 Ba3 19. Qh4 Bc5 20. Bxc5 Qxc5+ 21. Kh2 Nf6 22. f5 Kg7 23. g4 Qxd5 24. Re1 Ra7 25. Rbd1 Qd4 26. Kh1 Qf4 27. Rf1 Qe3 28. g5 Nh5 29. Rde1 Qg3 30. Qd4+ Kg8 31. fxg6 Qxh3+ 32. Kg1 Qg3+ 33. Kh1 hxg6 34. Bxg6 e5 35. Qxb6 Qh4+ 36. Kg1 Qxg5+ 37. Kh2 Qg3+ 38. Kh1 Nf4 39. Be4 f5 40. Qxa7 Qh3+ 41. Kg1 fxe4 42. Rf2 Qg3+ 43. Kf1 Qh4 44. Rxf4 exf4 45. Qd4 e3 46. Qd5+ Kg7 47. Ke2 f3+ 48. Kd1 e2+ 49. Kd2 Qf4+ 50. Kd3 Qf5+ 51. Qxf5 Rxf5 52. Ke3 f2 53. Rxe2 f1Q 0-1

[Event "Rubinstein Memorial-C 55th"]
[Site "Polanica Zdroj"]
[Date "2019.08.23"]
[Round "7"]
[White "Wierzbicki, Dawid"]
[Black "Simon, Marek"]
[Result "0-1"]
[WhiteElo "1598"]
[BlackElo "1879"]
[PlyCount "133"]
[EventDate "2019.08.17"]
[EventType "swiss"]
[EventRounds "9"]
[EventCountry "POL"]
[SourceTitle "EXT 2020"]
[Source "ChessBase"]
[SourceDate "2019.10.17"]
[SourceVersion "1"]
[SourceVersionDate "2019.10.17"]
[SourceQuality "1"]

1. e4 c6 2. d4 d5 3. Nc3 dxe4 4. Nxe4 Bf5 5. Ng3 Bg6 6. Nh3 Nf6 7. Nf4 e5 8. Nxg6 hxg6 9. c3 exd4 10. Qxd4 Qxd4 11. cxd4 Bb4+ 12. Bd2 Bxd2+ 13. Kxd2 0-0 14. Bc4 Rd8 15. Kc3 Nbd7 16. Rhe1 Nb6 17. Ne4 Nfd5+ 18. Bxd5 Nxd5+ 19. Kc4 Nb6+ 20. Kd3 Rd5 21. Nc5 Rad8 22. Nxb7 R8d7 23. Re8+ Kh7 24. Rc1 Rxb7 25. Rxc6 Rbd7 26. Re4 g5 27. g4 Rb5 28. b3 Rb4 29. f4 gxf4 30. Rxf4 Nd5 31. Re4 Rb8 32. Rc5 Nb4+ 33. Kd2 Nxa2 34. Ra5 Nb4 35. Rh5+ Kg6 36. h4 f6 37. Rc5 Na6 38. Ra5 Rb6 39. g5 fxg5 40. Rxg5+ Kh7 41. Rh5+ Kg8 42. Ra5 Nb4 43. Kc3 Rc7+ 44. Rc5 Na6 45. Re8+ Kh7 46. Rc8 Nxc5 47. Rxc7 Ne4+ 48. Kd3 Nd6 49. Rc3 Nf5 50. h5 Ng3 51. Kc2 Nxh5 52. Rc5 Nf6 53. Ra5 a6 54. Kc3 Ne4+ 55. Kd3 Nd6 56. Kc3 Kh6 57. Re5 g5 58. Re6+ Kh5 59. Re7 g4 60. d5 g3 61. Rh7+ Kg4 62. Rg7+ Kf3 63. Rg8 g2 64. Rf8+ Ke3 65. Rg8 Ne4+ 66. Kc4 Kf2 67. Rc8 0-1

[Event "POL-chT U20 2nd League"]
[Site "Szczyrk"]
[Date "2017.07.30"]
[Round "11.86"]
[White "Wierzbicki, Dawid"]
[Black "Matloka, Milosz"]
[Result "0-1"]
[WhiteElo "1487"]
[BlackElo "1300"]
[PlyCount "88"]
[EventDate "2017.07.22"]
[EventType "team-swiss"]
[EventRounds "11"]
[EventCountry "POL"]
[SourceTitle "EXT 2019"]
[Source "ChessBase"]
[SourceDate "2018.10.10"]
[SourceVersion "1"]
[SourceVersionDate "2018.10.10"]
[SourceQuality "1"]

1. e4 c5 2. Nc3 Nc6 3. g3 Nf6 4. Bg2 e6 5. d3 Be7 6. Bg5 0-0 7. Qd2 Rb8 8. Nge2 b5 9. 0-0 d6 10. f4 Bd7 11. Rae1 b4 12. Nd1 Re8 13. Ne3 e5 14. Bxf6 Bxf6 15. Nd5 Be6 16. Nxf6+ Qxf6 17. f5 Bd7 18. Kh1 Nd4 19. Ng1 a5 20. Nh3 Qe7 21. c3 Nb5 22. f6 gxf6 23. Qh6 Qf8 24. Qxf6 Re6 25. Qg5+ Rg6 26. Qd2 Qg7 27. Rf3 Be6 28. c4 Nd4 29. Rf2 Kf8 30. b3 Ke7 31. Qe3 Rg8 32. Ng1 h5 33. Nf3 Nxf3 34. Rxf3 h4 35. Ref1 h3 36. Qf2 hxg2+ 37. Kxg2 Qh7 38. Kg1 R8g7 39. Qd2 Qh6 40. Qe2 Bg4 41. Qg2 Bxf3 42. Rxf3 Qc1+ 43. Rf1 Qe3+ 44. Kh1 Rf6 0-1

[Event "POL-chT U20 2nd League"]
[Site "Szczyrk"]
[Date "2017.07.23"]
[Round "2.44"]
[White "Wierzbicki, Dawid"]
[Black "Radoch, Filip"]
[Result "0-1"]
[WhiteElo "1487"]
[BlackElo "1080"]
[PlyCount "56"]
[EventDate "2017.07.22"]
[EventType "team-swiss"]
[EventRounds "11"]
[EventCountry "POL"]
[SourceTitle "EXT 2019"]
[Source "ChessBase"]
[SourceDate "2018.10.10"]
[SourceVersion "1"]
[SourceVersionDate "2018.10.10"]
[SourceQuality "1"]

1. e4 c5 2. Nc3 Nc6 3. g3 d6 4. Bg2 g6 5. d3 Bg7 6. Be3 e6 7. Qd2 Nge7 8. Nge2 0-0 9. Bh6 Rb8 10. h4 f6 11. Bxg7 Kxg7 12. h5 g5 13. h6+ Kh8 14. Rd1 b5 15. d4 b4 16. Nb1 Bb7 17. Qe3 Qa5 18. Qb3 Nd8 19. Nd2 Ba6 20. a3 Nec6 21. d5 Bxe2 22. dxc6 Bxd1 23. Kxd1 Re8 24. Qf3 Rf8 25. Nc4 Qc7 26. e5 d5 27. Ne3 f5 28. a4 Nxc6 0-1

[Event "Slask-ch Bak Memorial"]
[Site "Chorzow"]
[Date "2016.09.21"]
[Round "7"]
[White "Wierzbicki, Dawid"]
[Black "Stemplewski, Kamil"]
[Result "0-1"]
[WhiteElo "1467"]
[BlackElo "1597"]
[PlyCount "40"]
[EventDate "2016.09.17"]
[EventType "swiss"]
[EventRounds "9"]
[EventCountry "POL"]
[SourceTitle "EXT 2018"]
[Source "ChessBase"]
[SourceDate "2017.10.13"]
[SourceVersion "1"]
[SourceVersionDate "2017.10.13"]
[SourceQuality "1"]

1. e4 c6 2. d4 d5 3. exd5 cxd5 4. Nc3 Bf5 5. Bd3 Bxd3 6. Qxd3 a6 7. Nf3 Nf6 8. 0-0 e6 9. Ne5 Be7 10. h3 Nc6 11. Nxc6 bxc6 12. Be3 0-0 13. Rfe1 Qa5 14. a3 Bd6 15. Bg5 Nd7 16. Qd2 c5 17. dxc5 Qxc5 18. Rad1 Qc7 19. Kh1 Nb6 20. Rb1 Rac8 0-1

[Event "EU-ch U08 26th"]
[Site "Prague"]
[Date "2016.08.25"]
[Round "7"]
[White "Wierzbicki, Dawid"]
[Black "Bialiauski, Artsiom"]
[Result "0-1"]
[WhiteElo "1391"]
[BlackElo "1436"]
[PlyCount "156"]
[EventDate "2016.08.18"]
[EventType "swiss"]
[EventRounds "9"]
[EventCountry "CZE"]
[SourceTitle "CBM 174 Extra"]
[Source "ChessBase"]
[SourceDate "2016.10.10"]
[SourceVersion "1"]
[SourceVersionDate "2016.10.10"]
[SourceQuality "1"]

1. e4 e5 2. Nf3 d6 3. h3 Nf6 4. Nc3 Be7 5. d3 0-0 6. Be2 Nbd7 7. 0-0 c6 8. Bg5 h6 9. Bh4 b5 10. a3 Bb7 11. b4 Qc7 12. Qd2 a6 13. Bg3 Rfe8 14. Nh4 Bf8 15. Nf5 Rad8 16. Rad1 Nb6 17. Bh4 Nbd7 18. Qe3 d5 19. Qg3 Kh7 20. Bxf6 Nxf6 21. Qh4 Ng8 22. Qg3 Ne7 23. Nxe7 Bxe7 24. f4 exf4 25. Qxf4 Qxf4 26. Rxf4 Bf6 27. Nb1 dxe4 28. Rxe4 Rxe4 29. dxe4 Rxd1+ 30. Bxd1 Bd4+ 31. Kf1 c5 32. c3 Bf6 33. Bc2 Be7 34. Kf2 c4 35. Nd2 Kg8 36. Nf3 Kf8 37. g4 Ke8 38. Ke3 Bf6 39. e5 Bd8 40. Be4 Bc8 41. Nd4 Bg5+ 42. Ke2 Bc1 43. Nc2 Bf4 44. Bc6+ Ke7 45. Ne3 Bxe5 46. Kd2 Kd6 47. Be4 g6 48. Bd5 Be6 49. Be4 Bf4 50. Ke2 Ke5 51. Bb7 Kd6 52. Bxa6 Kc6 53. a4 bxa4 54. Bxc4 Bxc4+ 55. Nxc4 Kb5 56. Na3+ Ka6 57. Kd1 f5 58. gxf5 gxf5 59. Kc2 Bg5 60. Kd1 f4 61. Ke2 f3+ 62. Kxf3 Bc1 63. Nb1 Kb5 64. Kg4 Kc4 65. Kh5 Kb3 66. b5 Kc2 67. b6 Kxb1 68. b7 Bf4 69. Kg4 Bb8 70. Kh5 a3 71. Kxh6 a2 72. h4 a1Q 73. h5 Qxc3 74. Kh7 Qg3 75. h6 Qg5 76. Kh8 Qxh6+ 77. Kg8 Qg6+ 78. Kf8 Bd6# 0-1

[Event "EU-ch U08 26th"]
[Site "Prague"]
[Date "2016.08.19"]
[Round "2"]
[White "Wierzbicki, Dawid"]
[Black "Antoniou, Rafail"]
[Result "1-0"]
[WhiteElo "1391"]
[BlackElo "1158"]
[PlyCount "69"]
[EventDate "2016.08.18"]
[EventType "swiss"]
[EventRounds "9"]
[EventCountry "CZE"]
[SourceTitle "CBM 174 Extra"]
[Source "ChessBase"]
[SourceDate "2016.10.10"]
[SourceVersion "1"]
[SourceVersionDate "2016.10.10"]
[SourceQuality "1"]

1. e4 e5 2. Nf3 Nc6 3. Bc4 Nf6 4. d3 Bc5 5. 0-0 d6 6. h3 0-0 7. Bg5 h6 8. Bh4 Be6 9. Nbd2 Re8 10. c3 a6 11. Bd5 Rb8 12. Nb3 Bb6 13. Qd2 Na7 14. Rfe1 c6 15. Bxe6 Rxe6 16. Rad1 Rc8 17. Nh2 Qc7 18. Nf3 Nh5 19. Nc1 Nf4 20. Ne2 Nxe2+ 21. Qxe2 Rg6 22. Kh2 d5 23. Bg3 Re8 24. d4 dxe4 25. Qxe4 Qc8 26. dxe5 f5 27. Qc4+ Kh7 28. Rd2 Bc7 29. Rde2 Qd7 30. e6 Bxg3+ 31. fxg3 Qd6 32. Qh4 Rexe6 33. Rxe6 Rxe6 34. Rxe6 Qxe6 35. Ng5+ 1-0

[Event "POL-ch U08"]
[Site "Poronin"]
[Date "2016.05.01"]
[Round "5.13"]
[White "Kozarski, Filip"]
[Black "Wierzbicki, Dawid"]
[Result "0-1"]
[WhiteElo "1951"]
[BlackElo "1362"]
[PlyCount "56"]
[EventDate "2016.04.30"]
[EventType "swiss"]
[EventRounds "9"]
[EventCountry "POL"]
[SourceTitle "EXT 2023"]
[Source "ChessBase"]
[SourceDate "2022.10.05"]
[SourceVersion "1"]
[SourceVersionDate "2022.10.05"]
[SourceQuality "1"]

1. e4 e6 2. Nf3 d5 3. d3 dxe4 4. dxe4 Qxd1+ 5. Kxd1 Nc6 6. Bc4 Bd7 7. Bf4 0-0-0 8. Nc3 f6 9. e5 fxe5 10. Bxe5 Nf6 11. Nd4 Nxe5 12. Bb5 Bxb5 13. Ncxb5 a6 14. Na7+ Kb8 15. c3 c5 16. f4 Neg4 17. Rf1 Ne3+ 18. Ke1 cxd4 19. Rf2 d3 20. Kd2 Bc5 21. Re1 Ne4+ 22. Kc1 Nxf2 23. Nc6+ bxc6 24. b4 d2+ 25. Kb2 dxe1Q 26. bxc5 Rd2+ 27. Kb3 Qb1+ 28. Ka3 Rxa2# 0-1